Me Enamora - Lenny Tavárez, Zion & Lennox - Estadísticas

Estadísticas generales
  • Esta prueba ha sido intentada 26 veces
  • La puntuación promedio es 143 de 312
Estadísticas de respuestas
Letra % Correcto
a
67%
da
67%
de
67%
De
67%
el
67%
en
67%
enamora
67%
la
67%
La
67%
las
67%
lo
67%
me
67%
Me
67%
mi
67%
No
67%
no
67%
pa'
67%
que
67%
Que
67%
te
67%
Te
67%
tu
67%
67%
Tu
67%
67%
un
67%
Y
67%
y
67%
yo
67%
Yo
67%
24
33%
acabar
33%
al
33%
Anoche
33%
anoche
33%
así
33%
Así
33%
autoridad
33%
Ay
33%
baby
33%
bandidos
33%
besabas
33%
cada
33%
cantaba
33%
casualidad
33%
cintura
33%
como
33%
Como
33%
cómo
33%
complicidad
33%
contigo
33%
Cuando
33%
cuando
33%
debilidad
33%
decía
33%
Dice
33%
doncella
33%
droga
33%
ella
33%
enamorado
33%
entre
33%
eras
33%
es
33%
Es
33%
escapabas
33%
ese
33%
esperaba
33%
estamos
33%
Estar
33%
éxtasis
33%
final
33%
gustaba
33%
Hasta
33%
hicieron
33%
horas
33%
I
33%
kryptonita
33%
like
33%
llegaba
33%
llegaste
33%
luz
33%
mama
33%
más
33%
Mientras
33%
motivar
33%
moves
33%
muerte
33%
mueve
33%
nadie
33%
Navidad
33%
oído
33%
oscuridad
33%
papa
33%
parar
33%
pasan
33%
perfecta
33%
pero
33%
perreaba
33%
quiero
33%
realidad
33%
rebelde
33%
rómpela
33%
saca
33%
she
33%
siempre
33%
Siento
33%
siento
33%
solas
33%
soltaban
33%
soltabas
33%
Somos
33%
Soñaba
33%
soñé
33%
supe
33%
Superman
33%
the
33%
una
33%
voy
33%
way
33%
Zun
33%
zun
33%
bailas
0%
bella
0%
cabeza
0%
calle
0%
conocí
0%
envidiosos
0%
falta
0%
faltas
0%
le
0%
mami
0%
nena
0%
parece
0%
pego
0%
pies
0%
pieza
0%
por
0%
rompecabezas
0%
soy
0%
Soy
0%
tan
0%
Tiene
0%
vida
0%
No se encontraron pruebas coincidentes
Distribución de puntuación
Porcentaje de gente con cada puntuación
Porcentaje por número respondido
Historial de tus puntuaciones
No has intentado esta prueba.